000 00782nam a2200289Ia 4500
005 20260324113901.0
008 008 260324s9999 xx 000 0 eng d
020 _a9781003459880
037 _aEBOOK
040 _aCRL
040 _beng
040 _cCRL
041 _2eng
041 _aeng
084 _qCRL
100 _aAnkan Bhattacharya; Bappadittya Roy; Arnab De; Ujjal Chakraborty; Anup Kumar Bhattacharjee
_91148562
245 0 _aAdvances in Microwave Engineering
245 0 _bFrom Novel Materials to Novel Microwave Applications
260 _bTaylor and Francis
260 _c2023
365 _a
365 _b340
856 _uhttp://www.taylorfrancis.com/books/9781003459880
942 _cEBOOK
999 _c1738446
_d1738446